Statistiken für Geographie nach Buchstabe - H

Klicken Sie hier um das Quiz zu spielen!

Allgemein

  • Dieses Quiz wurde 2,611 mal gespielt
  • Das Durchschnittsergebnis liegt bei 14 aus 22

Antwortstatistiken

Hinweis Antwort % Korrekt
Hauptstadt von FinnlandHelsinki
99%
Die höchste Bergkette der ErdeHimalaya
96%
50. Bundesstaat der Vereinigten StaatenHawaii
89%
Hauptstadt KubasHavanna
89%
Japanische Stadt, die durch eine
Atombombe zerstört wurde
Hiroshima
88%
Hauptflughafen der Stadt LondonHeathrow
87%
Amtssprache IndiensHindi
79%
Stadt mit den meisten WolkenkratzerHong Kong
74%
Islamisches Äquivalent zu koscherHalal
69%
Bestverkaufendes niederländisches BierHeineken
68%
Mission Control Center der NASAHouston
67%
Universität im Großraum Boston,
gegründet 1636
Harvard
67%
Berühmte ehemalige Kathedrale
in Istanbul
Hagia Sophia
63%
Schottische Spezialität aus SchafsmagenHaggis
57%
Insel bestehend aus Haiti und der
Dominikanischen Republik
Hispaniola
50%
Römischer Wall nahe der
englisch-schottischen Grenze
Hadrianswall
48%
Größte Insel JapansHonshu
48%
Islamische Pilgerfahrt nach MekkaHaddsch
46%
Einer der großen Seen NordamerikasHuron
43%
Ein Landgut im kolonialen LateinamerikaHazienda
41%
Ethnie, die den Großteil der
Bevölkerung Ruandas ausmacht
Hutu
37%
Größte Insel ChinasHainan
23%

Verteilung der Resultate

Perzentil nach korrekt beantworteten Fragen

Anzahl Personen mit jedem Resultat

Ihre Resultats-Entwicklung

Sie haben dieses Quiz noch nicht gespielt